000 00701nam a2200229Ia 4500
003 OSt
005 20220926013945.0
006 a|||||r|||| 00| 0
007 ta
008 220923b |||||||| |||| 00| 0 eng d
037 _cGeneral Book
040 _aRTL
_cRTL
_beng
041 _2eng
_aeng
082 _aD6,9(B), K9
100 _aKhambata Adi J
_9319351
245 0 _aIntroduction to large scale integration
260 _aNew York
_bJohn Wiley USA
_c1969
300 _axviii, 196p. Bibliography P 182-90 and at the end of each chapter, Appendix P 168-81
_ccm.
650 _aComputer Science
942 _hD6,9(B), K9
_cGB
_2CC
999 _c627275
_d627275